[Event "SVK-chT1E 0809"]
[Site "Slovakia"]
[Date "2008.12.13"]
[Round "5.5"]
[White "Peterson, Eric"]
[Black "Kalata, Peter"]
[Result "1/2-1/2"]
[WhiteElo "2253"]
[BlackElo "2235"]
[PlyCount "62"]
[EventDate "2008.10.18"]
[EventType "team-tourn"]
[EventRounds "11"]
[EventCountry "SVK"]
[SourceTitle "EXT 2010"]
[Source "ChessBase"]
[SourceDate "2010.11.25"]
[SourceVersion "1"]
[SourceVersionDate "2010.11.25"]
[SourceQuality "1"]
[WhiteTeam "Sabinov"]
[BlackTeam "Bardejov BSK"]
[WhiteTeamCountry "SVK"]
[BlackTeamCountry "SVK"]

1. e4 c5 2. d4 cxd4 3. c3 Nf6 4. e5 Nd5 5. Qxd4 e6 6. Nf3 Nc6 7. Qe4 d6 8. Nbd2 dxe5 9. Nxe5 Nxe5 10. Qxe5 Bd7 11. Be2 Qf6 12. Nf3 h6 13. 0-0 Bc6 14. c4 Qxe5 15. Nxe5 Nb4 16. Nxc6 Nxc6 17. Be3 Bd6 18. Rfd1 Ke7 19. Rab1 Rhd8 20. b3 Be5 21. Bc5+ Bd6 22. Be3 Be5 23. Bc5+ Bd6 24. Rxd6 Rxd6 25. Bf3 Kd7 26. Bxd6 Kxd6 27. Kf1 Rd8 28. Rd1+ Ke5 29. Re1+ Kf5 30. Be4+ Kf6 31. Bxc6 bxc6 1/2-1/2

[Event "SVK-chT1E 0809"]
[Site "Slovakia"]
[Date "2008.11.23"]
[Round "4.1"]
[White "Kalata, Peter"]
[Black "Vrabel, Michal"]
[Result "1/2-1/2"]
[WhiteElo "2235"]
[BlackElo "1966"]
[PlyCount "62"]
[EventDate "2008.10.18"]
[EventType "team-tourn"]
[EventRounds "11"]
[EventCountry "SVK"]
[SourceTitle "EXT 2010"]
[Source "ChessBase"]
[SourceDate "2010.11.25"]
[SourceVersion "1"]
[SourceVersionDate "2010.11.25"]
[SourceQuality "1"]
[WhiteTeam "Bardejov BSK"]
[BlackTeam "Presov Tatran"]
[WhiteTeamCountry "SVK"]
[BlackTeamCountry "SVK"]

1. e4 c6 2. d4 d5 3. exd5 cxd5 4. c4 Nf6 5. Nc3 Nc6 6. Nf3 e6 7. Bd3 dxc4 8. Bxc4 Be7 9. 0-0 0-0 10. Bb3 b6 11. a3 Bb7 12. Bc2 Rc8 13. Qd3 Na5 14. Bg5 g6 15. Ne5 a6 16. Rad1 Nd5 17. Bxe7 Qxe7 18. Nxd5 Bxd5 19. Qd2 Nc4 20. Nxc4 Bxc4 21. Rfe1 Rfd8 22. Qe3 a5 23. Bb1 Rc6 24. Rd2 Rcd6 25. Red1 a4 26. Bd3 Bxd3 27. Rxd3 Rd5 28. f4 Qf6 29. g3 Kg7 30. Qd2 h5 31. h4 Qe7 1/2-1/2